000 00368nam a22001337a 4500
005 20150429093428.0
008 150429b xxu||||| |||| 00| 0 eng d
040 _cPK-LaUMT
082 _aKHC 954.918
_bEBR-
245 _aعبرت کدہ سندھ
_cمحمد رمضان (مترجم
260 _aکراچی
_bنفیس اکیڈمی
_c1967
300 _a398 ص
942 _cBK
999 _c70584
_d70584